Students' Guide to Income Tax (Record no. 13246)

MARC details
000 -LEADER
fixed length control field 00448nam a22001697a 4500
003 - CONTROL NUMBER IDENTIFIER
control field OSt
008 - FIXED-LENGTH DATA ELEMENTS--GENERAL INFORMATION
fixed length control field 250403b |||||||| |||| 00| 0 eng d
020 ## - INTERNATIONAL STANDARD BOOK NUMBER
International Standard Book Number 9789357784115
082 ## - DEWEY DECIMAL CLASSIFICATION NUMBER
Classification number 336.24 SIS
100 ## - MAIN ENTRY--PERSONAL NAME
Personal name SINGHANIA, Vinod K. and SINGHANIA, Monica
245 ## - TITLE STATEMENT
Title Students' Guide to Income Tax
250 ## - EDITION STATEMENT
Edition statement 71st. ed.
260 ## - PUBLICATION, DISTRIBUTION, ETC. (IMPRINT)
Place of publication, distribution, etc New Delhi,
Name of publisher, distributor, etc Taxmann;s Publications Pvt. Ltd.
Date of publication, distribution, etc 2024,
300 ## - PHYSICAL DESCRIPTION
Extent 588
650 ## - SUBJECT ADDED ENTRY--TOPICAL TERM
Topical term or geographic name as entry element Commerce
942 ## - ADDED ENTRY ELEMENTS (KOHA)
Source of classification or shelving scheme Dewey Decimal Classification
Koha item type Text Books
Holdings
Withdrawn status Lost status Source of classification or shelving scheme Damaged status Not for loan Collection code Home library Current library Date acquired Source of acquisition Currency Cost, normal purchase price Bill Number Total Checkouts Full call number Acc. no. / Barcode Date last seen Actual Cost, discounted price Bill Date Koha item type Date last borrowed
    Dewey Decimal Classification     B.Com. Hons PIET NCR College Library PIET NCR College Library 28/03/2025 Zafaa Books & Distributers In Rupees 995.00 ZBD0583   336.24 SIS N3861 03/04/2025 696.50 28/03/2025 Reference Books  
    Dewey Decimal Classification     B.Com. Hons PIET NCR College Library PIET NCR College Library 28/03/2025 Zafaa Books & Distributers In Rupees 995.00 ZBD0583   336.24 SIS N3862 03/04/2025 696.50 28/03/2025 Text Books  
    Dewey Decimal Classification     B.Com. Hons PIET NCR College Library PIET NCR College Library 28/03/2025 Zafaa Books & Distributers In Rupees 995.00 ZBD0583   336.24 SIS N3863 03/04/2025 696.50 28/03/2025 Text Books  
    Dewey Decimal Classification     B.Com. Hons PIET NCR College Library PIET NCR College Library 28/03/2025 Zafaa Books & Distributers In Rupees 995.00 ZBD0583 2 336.24 SIS N3864 17/11/2025 696.50 28/03/2025 Text Books 31/10/2025
    Dewey Decimal Classification     B.Com. Hons PIET NCR College Library PIET NCR College Library 28/03/2025 Zafaa Books & Distributers In Rupees 995.00 ZBD0583   336.24 SIS N3865 03/04/2025 696.50 28/03/2025 Text Books  

Design & Developed by: PIET Central Library
R70 Miles Stone Pattikalyana Samalkha Panipat 132102
mail ID :- [email protected], Phone No:- 0180-2569700 Ex.216